El recuerdo de Luna : (Record no. 23624)

000 -CABECERA
fixed length control field 00873nam a22002297i 4500
003 - IDENTIFICADOR DEL NÚMERO DE CONTROL
control field AR-CdUCM
008 - DATOS DE LONGITUD FIJA--INFORMACIÓN GENERAL
fixed length control field 260423b20192019 pe||||| |||| 00| 0 spa d
020 ## - NÚMERO INTERNACIONAL ESTÁNDAR DEL LIBRO
ISBN 978-612-47192-4-0
040 ## - FUENTE DE LA CATALOGACIÓN
Agencia/entidad que catalogó originalmente la obra MUNICIPALIDAD PROVINCIAL DEL CUSCO
Entidad que transcribió la catalogación BIBLIOTECA MUNICIPAL DEL CUSCO
082 ## - NÚMERO DE LA CLASIFICACIÓN DECIMAL DEWEY
No. de la edición 3°Ed.
No. de Clasificación 305.3
Notacion interna B38
100 ## - ENTRADA PRINCIPAL--NOMBRE DE PERSONA
Nombre Personal Belaunde, Luisa Elvira
245 ## - MENCIÓN DE TÍTULO
Título El recuerdo de Luna :
Resto del título Genero, sangre y memoria entre los pueblos amazónicos /
260 ## - PUBLICACIÓN, DISTRIBUCIÓN, ETC.
Lugar de publicación, distribución, etc. Cusco:
Nombre de la editorial, distribuidor, etc. Ceques Editores SRL.
Fecha de publicación, distribución, etc. 2019
300 ## - DESCRIPCIÓN FÍSICA
Nº de Páginas Extensión 317 páginas. :
Dimensiones 24x17 cm.
500 ## - NOTA GENERAL
Bibliografía Páginas: 303-317
505 ## - NOTA DE CONTENIDO CON FORMATO
Nota de contenido formateada El recuerdo de luna -- La sangre -- Historia memoria y parentesco -- alimentar con su cuerpo .-El ssudor del parto -- la mujer curadora del mundo
650 ## - PUNTO DE ACCESO ADICIONAL DE MATERIA--TÉRMINO DE MATERIA
Descriptor El olvido de luna
9 (RLIN) 52653
650 ## - PUNTO DE ACCESO ADICIONAL DE MATERIA--TÉRMINO DE MATERIA
Descriptor Haciendo piel
9 (RLIN) 52654
942 ## - ELEMENTOS DE PUNTO DE ACCESO ADICIONAL (KOHA)
Fuente de clasificación
Tipo de item Libros-BMC
945 ## - PROCESAMIENTO DE INFORMACIÓN LOCAL (OCLC)
Catalogador pbjr
AAAA-MM-DD - Fecha de ingreso o modificacion 23-04-2026
Holdings
Estado de retiro (separado) Fuente de clasificación o esquema de estanterías Estado dañado Ubicación Sala donde se ubica Nombre de la colección Fecha de adquisición o compra Fuente de adquisición Costo, precio normal en soles Signatura topográfica Código de Barras Última vez visto (Koha) Tipo de ítem (Koha)
No     Sala Humanidades Sala Humanidades Book Cart 2026-04-23 Donación 30.00 305.3 / B38 SH0000017103 2026-04-23 Libros-BMC

Powered by Koha